Modern Countries that Have People as Namesakes - Statistics

General Stats
  • This quiz has been taken 878 times
  • The average score is 22 of 31
Answer Stats
Hint Answer % Correct
Simon Bolivar Bolivia
99%
Christopher Columbus Colombia
97%
Heinrich I von Liechtenstein Liechtenstein
93%
John Marshall Marshall Islands
89%
Huitzilopochtli's secret name, Mexitl Mexico
89%
Nahuatl Nicarao Nicaragua
88%
King Philip II of Spain Philippines
88%
Jean Moreau de Séchelles Seychelles
88%
King Solomon Solomon Islands
86%
Saint Domingo de Guzmán Dominican Republic
85%
Saint Lucy of Syracuse Saint Lucia
85%
Saint Vincent of Saragossa Saint Vincent and the Grenadines
85%
Abdulaziz Al Saud Saudi Arabia
85%
Jesus Christ "The Savior" El Salvador
81%
Ériu (Eire) Ireland
81%
Amerigo Vespucci United States of America
78%
Romulus Romania
77%
Mswati II Eswatini
76%
Prince Maurice van Nassau Mauritius
71%
King Dan Denmark
70%
The Trinity Trinidad and Tobago
67%
Saint Christopher Saint Kitts and Nevis
64%
Jacob, son of Isaac Israel
61%
Saint Marinus San Marino
60%
Samaale Somalia
58%
Herceg of the Hum and Coast Stjepan Vukčić Kosača Bosnia and Herzegovina
52%
Saint Thomas Sao Tome and Principe
50%
Mussa Bin Bique Mozambique
43%
Birú Peru
39%
Thomas Gilbert Kiribati
35%
Manas Kyrgyzstan
8%
No matching quizzes found
Score Distribution
Percent of People with Each Score
Percentile by Number Answered
Your Score History
You have not taken this quiz